Pop Star Quiz - Statistics

General Stats
  • This quiz has been taken 107 times
  • The average score is 9 of 13
Answer Stats
Question Answer % Correct
Which pop star was in the movie "The Joker 2" Lady Gaga
90%
What songs are sung by Britney Spears? Pretty girls, Womanizer, Till the world ends
90%
Which songs are sung by Charli XCX? I Love it, Boom Clap, Apple
86%
Who did Nicki Minaj get into a fight with? Cardi B
81%
Which female pop star has collaborated with Nicki Minaj the most? Ariana Grande
79%
Which pop artist is known to be the King of Pop? Michael Jackson
79%
Which male pop star sung Rush? Troye Sivan
70%
Which pop artist released an album titled, Hot Pink? Doja Cat
63%
Where is Rihanna from? Barbados
62%
What country did Iggy Azalea come from? Australia
60%
Which pop star starred in The Mother? Jennifer Lopez
53%
Which pop star is currently dating Blake Shelton? Gwen Stefani
52%
Which song by a pop star went #1 on the Billboard Hot 100? Born this Way - Lady Gaga
49%
No matching quizzes found
Score Distribution
Percent of People with Each Score
Percentile by Number Answered
Your Score History
You have not taken this quiz